| 000 | 00566nam a2200169Ia 4500 | ||
|---|---|---|---|
| 008 | 090711s9999 xx 000 0 und d | ||
| 082 | _b73721 | ||
| 100 | _aसप्रे Sाौधरी विद्या | ||
| 245 | _aअर्ध्यदान | ||
| 260 |
_bविमल प्रकाशन _c1991 |
||
| 300 | _a335 | ||
| 600 | _aसप्रे Sाौधरी विद्या | ||
| 630 | _aअर्ध्यदान | ||
| 700 | _aसप्रे Sाौधरी विद्या | ||
| 730 | _aअर्ध्यदान | ||
| 942 | _cBOOK | ||
| 999 |
_c330569 _d330569 |
||